LDR 00664naa#a2200193#i#450# 001 EN\\bibl\124924 005 20260604231739.4 011 ## _a1019-8946 100 ## _a20260603b2026####ek#y0engy0150####ca 101 0# _aRUS 102 ## _aRU 200 1# _aOptimizing a Disc Stack Separator for Milk and Cream Standardization _eJournal article 210 1# _aKemerovo _cKemerovo State University _d2026 215 ## _a5 с. 608 ## _aJournal article _2local 675 ## _aСельское хозяйство. Лесное хозяйство. Охота. Рыбное хозяйство. 63 _zRUS 700 #1 _aKurbanova _gMarina G. 700 #1 _aKolbina _gAnastasia Yu. 856 4# _anaukaru.ru _u